| 000 | 00690nam a2200241 4500 | ||
|---|---|---|---|
| 999 |
_c9656 _d9656 |
||
| 001 | 9656 | ||
| 003 | BD-JhCC | ||
| 005 | 20180325191821.0 | ||
| 008 | 180321s1972 nyua de 000 0 eng | ||
| 020 |
_a0529048949 _a0529048957 (deluxe ed.) |
||
| 020 | _a070364702 | ||
| 035 | _a(BD-JhCC)9656 | ||
| 040 |
_aDLC _cDLC _dDLC _dBD-JhCC |
||
| 041 | _aeng | ||
| 050 | 0 | 0 |
_aAG5 _b.L28 |
| 082 | 0 | 0 |
_a031 _bLAR 1972 |
| 245 | 0 | 0 | _aLarousse illustrated international encyclopedia and dictionary / |
| 260 |
_aLarousse : _bMcGraw-Hill International Book Company, _c1972. |
||
| 300 |
_a1023 p. _bcol. illus. _c29 cm. |
||
| 650 | 0 | _aEncyclopedias and dictionaries. | |
| 942 |
_2ddc _cBK |
||